000 01061nam a22003137a 4500
003 CHAP
005 20220329140002.0
008 971013s1973 r 00010 d
010 _a45102
011 _a46074
035 _a50214
040 _cCHAP
090 _aFolleto 4614
110 _aUniversidad Nacional Autónoma de México. Facultad de Comercio y Administración
_9116524
245 _aDiagnóstico de la función de informática en el sector privado de México
260 _aMéxico, D.F. :
_bLa Universidad,
_c1973
300 _a90 p.
_b: ilus.
490 _aCuadernos de investigación
590 _aBATCH-UPD
_b10
_c20130110
_lUCH01
_h1716
590 _aBATCH-UPD
_b10
_c20130410
_lUCH01
_h1101
590 _aBATCH-UPD
_b10
_c20130914
_lUCH01
_h1021
590 _aCONVERSION
_b10
_c20130109
_lUCH01
_h1325
650 1 4 _aComputadoras.
_926129
650 1 4 _aProcesamiento automático de datos.
_991738
830 0 _aCuadernos de investigación
_929789
901 _aBK
942 _cFOLL
949 _aFolleto 4614
_bBC
_cFOLL
_d-112913
_eTS1
_i50214
_si
999 _c45102
_d45102